Python 3 object-oriented programming

Spremljeno u:
Bibliografski detalji
Glavni autor: Phillips, Dusty
Format: Knjiga
Izdano: Packt
Oznake: Dodaj oznaku
Bez oznaka, Budi prvi tko označuje ovaj zapis!

MARC

LEADER 00000nam a2200000Ia 4500
005 20260515061615.0
100 |a Phillips, Dusty, 
020 |a 9781784398781 
942 |c BK 
245 |a Python 3 object-oriented programming  
260 |b Packt 
999 |c 31  |d 31 
952 |0 0  |1 0  |4 0  |7 0  |a ABDN  |b ABDN  |d 2026-05-15  |l 0  |p 000003  |r 2026-05-15 06:16:15  |w 2026-05-15  |y BK